LEADER 01780nam a2200373 i 4500 001 000000332413 003 CaOOAMICUS 005 20190204142045.0 006 a 000 u 008 190204s2018 it a u000 u mul u 013 $a233187 020 $a978-88-452-9281-1$c(2. Rist.) 040 $aSeMil$bita 041 1 $aita$agrc 100 0 $aPlutarchus ,$d<46-120>.$0(OLS)http://semarc/name/1118 245 10$aTutti i moralia /$cPlutarco ; coordinamento di Emanuele Lelli e Giuliano Pisani ; traduzioni, introduzioni e note di Giuliano Pisani ... [et al.] ; con la partecipazione dei ragazzi del liceo Tasso di Roma ; introduzione generale di Giuliano Pisani ; bibliografia e indice a cura di Emanuele Lelli ; revisione generale di Leo Citelli, Emanuele Lelli, Valentina Zanusso. 264 1$aMilano :$bBompiani,$c2018. 300 $aXLVIII, 3191 p. ;$c22 cm 490 0 $aIl pensiero occidentale 500 $aTesto greco a fronte 500 $aPrima traduzione italiana completa 700 1 $aLelli, Emanuele.$0(OLS)http://semarc/name/108796 700 1 $aZanusso, Valentina.$0(OLS)http://semarc/name/108795 700 1 $aCitelli, Leo.$0(OLS)http://semarc/name/14343 700 1 $aPisani, Giuliano,$d<1950- >.$0(OLS)http://semarc/name/21250 830 0$aBompiani Il pensiero occidentale.$0(OLS)http://semarc/title/10111 850 $aSeMil 852 $aSeMil$W1$xVenegono$y1$m2OA V 408$j210138$B224189$CSeMilBibl$Z2$F224189 $81 900 0 $aPlutarco. 996 $6020$a978-88-452-9281-1$c(2. Rist.)$9(OLS)http://semarc/number/286465 996 $6245$aTutti i moralia$9(OLS)http://semarc/title/421255 996 $6264$aMilano :$bBompiani$9(OLS)http://semarc/publisher/29706 LEADER 02237nam a2200253 i 4500 001 000000031244 003 CaOOAMICUS 005 20220329113501.0 008 180830s1624 sz u000 u lat u 040 $aSeMil$bita 100 1 $aLucius, Ludovicus,$d<1577-1642>.$0(OLS)http://semarc/name/14443 245 10$aHistoria ecclesiastica, integram ecclesiae Christianae conditionem, inde a Christo ex Virgine nato, juxta seculorum seriem, exponens: jam olim per studiosos ac pios aliquot viros, ... & alibi, ex vetustissimis & optimis historicis, patribus, & aliis scriptoribus, diligenter congesta; nunc denuo per M. Ludovicum Lucium, Basileensis Academiae professorem, fideliter recensita. 260 $aBasileae :$bTypis & expensis Ludovici Regis,$c1624$e(Basileae :$fSumptibus & typis Ludovici Regis,$g1624) 300 $a3 v. ;$cfol. 500 $aColophon in fine al v. 3, altri colophon nel v.1 centuria 4, datato 1623, nel v. 2 centuria 5, 6, 9. - Front. generale calcogr. sottoscritto: "M. Merian fec.". 700 1 $aCenturiatori di Magdeburgo.$0(OLS)http://semarc/name/14446 700 1 $aMerian, Johann Matthaeus .$0(OLS)http://semarc/name/14445 700 1 $aKönig, Ludwig$b<1.,$cEditore,$d1599-1640>.$0(OLS)http://semarc/name/14444 774 0 $tHistoriae ecclesiasticae volumen primum. Centurias quatuor primas complectens; ... Cum indice gemino, ..$g1$w()237907 774 0 $tHistoriae ecclesiasticae volumen tertium: centurias quatuor, nimirum 10. 11. 12. ac 13. complectens; ... Cum indice gemino,.$g3$w()237908 774 0 $tHistoriae ecclesiasticae volumen secundum: centurias quinque, nimirum 5. 6. 7. 8. et 9. complectens; ... Cum indice gemino,.$g2$w()237909 996 $6245$aHistoria ecclesiastica, integram ecclesiae Christianae conditionem, inde a Christo ex Virgine nato, juxta seculorum seriem, exponens: jam olim per studiosos ac pios aliquot viros, ... & alibi, ex vetustissimis & optimis historicis, patribus, & aliis scriptoribus, diligenter congesta; nunc denuo per M. Ludovicum Lucium, Basileensis Academiae professorem, fideliter recensita$9(OLS)http://semarc/title/42504 996 $6260$aBasileae :$bTypis & expensis Ludovici Regis$9(OLS)http://semarc/publisher/38844